000 00464nam a2200157Ia 4500
005 20250508160920.0
008 008 250505s9999 xx 000 0 eng d
037 _aTextual
040 _aFEDL
_beng
_cFEDL
041 _aeng
_2eng
084 _a420.7, REG
_qFEDL
245 0 _aTeaching english notes for teachers in training : Resional instutite of english Chandigarh
300 _a147p.
942 _cTEXL
_h420.7, REG
999 _c1367364
_d1367364